[Event "AUTO-OPEN-1822"]
[Site "http://www.queenalice.com/game.php?id=707588"]
[Date "2010.1.3"]
[Round "1"]
[White "elsoncg"]
[Black "leiva2"]
[Result "0-1"]
[WhiteElo "1464"]
[BlackElo "2065"]

1. e4 e5 2. Qh5 Nc6 3. Nf3 Nf6 4. Qh4 Be7 5. d4 d6 6. Bc4 d5 7. exd5 Nxd5 8. Qh5
Be6 9. Nxe5 Nxe5 10. Qxe5 Bf6 11. Qe4 O-O 12. Bd3 g6 13. h4 Re8 14. h5 Bf5 15.
f3 Bxe4 16. fxe4 Nb4 17. e5 Qxd4 18. hxg6 Nxd3+ 19. cxd3 Qxe5+ 20. Kd1 Qe2# 0-1

[Event "AUTO-OPEN-1894"]
[Site "http://www.queenalice.com/game.php?id=738419"]
[Date "2010.2.27"]
[Round "1"]
[White "leiva2"]
[Black "dante72"]
[Result "1-0"]
[WhiteElo "2128"]
[BlackElo "1862"]

1. e4 e5 2. Nf3 d6 3. d4 f6 4. Bc4 c6 5. Nc3 Ne7 6. O-O Bg4 7. Be3 Ng6 8. Be2
Bxf3 9. Bxf3 Be7 10. Bh5 O-O 11. Bxg6 hxg6 12. f4 Nd7 13. f5 g5 14. Rf3 Kf7 15.
d5 Rh8 16. Qe2 Rh4 17. Rh3 Rxh3 18. gxh3 c5 19. h4 Qh8 20. h5 Qh6 21. Kf2 a6 22.
Rg1 Bd8 23. h4 b5 24. Qg4 Nf8 25. Nb1 Nh7 26. Nd2 a5 27. Nf3 Be7 28. hxg5 fxg5
29. Bxg5 Bxg5 30. Nxg5+ Nxg5 31. Qxg5 Qxg5 32. Rxg5 Rd8 33. Rg6 a4 34. a3 b4 35.
Ke2 Rh8 36. Rxd6 Rxh5 37. Re6 b3 38. cxb3 axb3 39. Kd3 Rh2 40. Kc3 Rh3+ 41. Kc4
Re3 42. Rxe5 g6 43. d6 gxf5 44. d7 Rxe4+ 45. Rxe4 fxe4 46. d8=Q Ke6 47. Qd5+ Kf6
48. Qxe4 Kg7 49. Qf5 Kh6 50. Kxc5 Kg7 51. Kd6 1-0

[Event "AUTO-OPEN-1894"]
[Site "http://www.queenalice.com/game.php?id=738420"]
[Date "2010.2.27"]
[Round "1"]
[White "dante72"]
[Black "leiva2"]
[Result "0-1"]
[WhiteElo "1840"]
[BlackElo "2120"]

1. d4 Nf6 2. Nc3 d5 3. Bf4 e6 4. a3 Bd6 5. Bg5 c5 6. e3 Nc6 7. Bb5 Bd7 8. Bxc6
Bxc6 9. f4 h6 10. Bh4 Be7 11. Bxf6 Bxf6 12. Nf3 Qe7 13. O-O g5 14. Ne5 gxf4 15.
Nxc6 bxc6 16. Rxf4 O-O-O 17. dxc5 Be5 18. Rf3 h5 19. Qf1 f5 20. Qa6+ Qb7 21.
Qxb7+ Kxb7 22. Ne2 Kc7 23. Rb1 Rdg8 24. Nd4 Kd7 25. c3 Rg4 26. h3 Rg6 27. b4
Rhg8 28. Rb2 a6 29. Rc2 h4 30. Rff2 Kc7 31. a4 Kd7 32. Kf1 Bg3 33. Rfe2 e5 34.
Nf3 Rf6 35. Rcd2 e4 36. Nd4 Rgf8 37. a5 f4 38. Re1 fxe3+ 39. Ke2 Bxe1 40. Kxe1
exd2+ 41. Kxd2 Rf2+ 42. Kd1 Rxg2 43. Nc2 Rf1+ 44. Ne1 e3 45. c4 Rd2+ 46. Kc1
Rxe1# 0-1

[Event "Challenge"]
[Site "http://www.queenalice.com/game.php?id=747501"]
[Date "2010.3.17"]
[Round "-"]
[White "ORNELAS"]
[Black "leiva2"]
[Result "0-1"]
[WhiteElo "1709"]
[BlackElo "2099"]

1. b3 d5 2. e3 e5 3. Bb2 Nc6 4. g3 Nf6 5. Bg2 Bd6 6. d3 O-O 7. Nf3 Bd7 8. Nbd2
Be6 9. O-O Qd7 10. d4 e4 11. Ng5 h6 12. Nxe6 fxe6 13. Bh3 Nh7 14. c4 Bb4 15. c5
Bxd2 16. Qxd2 Ng5 17. Bg4 Nf3+ 18. Bxf3 exf3 19. h3 e5 20. Kh2 e4 21. Rh1 a5 22.
a3 Rf6 23. Kg1 g5 24. Bc3 b5 25. a4 b4 26. Bb2 h5 27. Qe1 Ne7 28. Qf1 c6 29. h4
Rg6 30. hxg5 Rxg5 31. Rh3 Nf5 32. Kh2 h4 33. gxh4 Rg2+ 34. Kh1 Rg6 35. Kh2 Rg2+
36. Kh1 Nxe3 37. Rg3+ Rxg3 38. fxg3 Nxf1 39. Kg1 Qh3 40. Kf2 Qg2+ 0-1

[Event "Challenge"]
[Site "http://www.queenalice.com/game.php?id=752998"]
[Date "2010.3.28"]
[Round "-"]
[White "Gil"]
[Black "leiva2"]
[Result "0-1"]
[WhiteElo "1882"]
[BlackElo "2101"]

1. d4 Nf6 2. Nf3 c5 3. d5 b5 4. e3 Bb7 5. c4 Qa5+ 6. Bd2 b4 7. b3 e6 8. dxe6
dxe6 9. Be2 Nbd7 10. O-O Qc7 11. a3 Bd6 12. axb4 cxb4 13. Bc1 Bxf3 14. Bxf3
Bxh2+ 15. Kh1 Be5 16. Qd2 Bxa1 0-1

[Event "Challenge"]
[Site "http://www.queenalice.com/game.php?id=753000"]
[Date "2010.3.28"]
[Round "-"]
[White "leiva2"]
[Black "Gil"]
[Result "1-0"]
[WhiteElo "2106"]
[BlackElo "1854"]

1. e4 Nc6 2. Nf3 b6 3. d4 e6 4. c3 d5 5. Nbd2 Bb7 6. Bd3 g6 7. exd5 exd5 8. O-O
Bg7 9. Re1+ Nge7 10. Nf1 Qd6 11. h4 O-O-O 12. b4 h6 13. a4 a5 14. b5 Na7 15. Ba3
Qd7 16. Rxe7 Qg4 17. Ne3 1-0

[Event "Challenge"]
[Site "http://www.queenalice.com/game.php?id=757770"]
[Date "2010.4.7"]
[Round "-"]
[White "OpendemO"]
[Black "leiva2"]
[Result "0-1"]
[WhiteElo "2054"]
[BlackElo "2110"]

1. e4 e5 2. Nf3 Nc6 3. Bb5 a6 4. Ba4 f5 5. exf5 Nf6 6. Qe2 Bd6 7. O-O O-O 8.
Bb3+ Kh8 9. d3 Na5 10. Nxe5 Nxb3 11. axb3 Bxe5 12. Qxe5 d6 13. Qf4 Nd5 14. Qg5
Bxf5 15. Qxd8 Raxd8 16. Bg5 Rde8 17. Na3 h6 18. Bh4 g5 19. Bg3 Kg7 20. Rae1 b5
21. h4 Kg6 0-1

[Event "Challenge"]
[Site "http://www.queenalice.com/game.php?id=774500"]
[Date "2010.5.12"]
[Round "-"]
[White "leiva2"]
[Black "Martial"]
[Result "1-0"]
[WhiteElo "2132"]
[BlackElo "1533"]

1. d4 d5 2. c4 dxc4 3. e4 Nc6 4. d5 Ne5 5. f4 Ng4 6. Nf3 Ne3 7. Bxe3 Nf6 8. Nc3
e6 9. Bxc4 Bb4 10. Qa4+ Bd7 11. Qxb4 a6 12. O-O b5 13. Bd3 c6 14. Ne5 a5 15. Qc5
b4 16. Na4 cxd5 17. Nb6 Rb8 18. Nbxd7 Nxd7 19. Bb5 Rb7 20. Nxd7 Rxd7 21. Bxd7+
Qxd7 22. Rad1 h5 23. exd5 h4 24. dxe6 Qb7 25. exf7+ Qxf7 26. Qc8+ Ke7 27. Rd7+
Kf6 28. Rxf7+ Kxf7 29. Qxh8 Kf6 30. Qh5 g6 31. Qe5+ Kf7 32. f5 gxf5 33. Rxf5+
Kg6 34. Qe6+ Kg7 35. Rf7+ 1-0

[Event "AUTO-OPEN-1822"]
[Site "http://www.queenalice.com/game.php?id=805890"]
[Date "2010.7.20"]
[Round "2"]
[White "holandes"]
[Black "leiva2"]
[Result "0-1"]
[WhiteElo "1797"]
[BlackElo "2169"]

1. e4 d5 2. exd5 Qxd5 3. Nc3 Qe6+ 4. Qe2 Nc6 5. Nf3 a6 6. d4 Qxe2+ 7. Bxe2 Nb4
8. Bd1 Bf5 9. a3 Nxc2+ 10. Bxc2 Bxc2 11. Nd5 O-O-O 12. Nb4 Bg6 13. Bf4 e6 14.
Rc1 c6 15. O-O Nf6 16. Ne5 Bxb4 17. axb4 Rxd4 18. Nxc6 Rxf4 19. Ne5+ Kb8 20. b5
axb5 21. Rc3 Rd8 22. Rb3 b4 23. g3 Rfd4 24. Ra1 Bc2 25. Re3 Rd1+ 26. Rxd1 Rxd1+
27. Kg2 Rb1 28. Nc4 Nd5 29. Re5 b3 30. Rg5 Bg6 31. h4 Be4+ 32. Kh2 Rh1# 0-1

[Event "AUTO-OPEN-1822"]
[Site "http://www.queenalice.com/game.php?id=805891"]
[Date "2010.7.20"]
[Round "2"]
[White "leiva2"]
[Black "holandes"]
[Result "1-0"]
[WhiteElo "2170"]
[BlackElo "1795"]

1. d4 Nf6 2. c4 e5 3. dxe5 Ng4 4. Bf4 Nc6 5. Nf3 Bb4+ 6. Nc3 Qe7 7. Qd5 Bxc3+ 8.
bxc3 f6 9. exf6 Nxf6 10. Qd3 d6 11. g3 O-O 12. Bg2 Be6 13. O-O Rae8 14. Nd4 Bg4
15. Nxc6 bxc6 16. Rfe1 c5 17. Rab1 Nh5 18. Be3 Nf6 19. Bg5 Qf7 20. Bxf6 Qxf6 21.
Bd5+ Kh8 22. f3 Bf5 23. e4 Bd7 24. Rb7 Qd8 25. e5 Bf5 26. Qd2 Rxe5 27. Rxa7
Rxe1+ 28. Qxe1 Re8 29. Qc1 Qd7 30. a4 1-0

[Event "AUTO-OPEN-1822"]
[Site "http://www.queenalice.com/game.php?id=805898"]
[Date "2010.7.20"]
[Round "2"]
[White "leiva2"]
[Black "simonjscott"]
[Result "1-0"]
[WhiteElo "2145"]
[BlackElo "2110"]

1. d4 Nf6 2. c4 e6 3. Nc3 Bb4 4. Qc2 Nc6 5. Nf3 d6 6. Bd2 O-O 7. a3 Bxc3 8. Bxc3
Qe7 9. e3 a5 10. Be2 e5 11. dxe5 Nxe5 12. Nxe5 dxe5 13. O-O Re8 14. b4 axb4 15.
axb4 Rxa1 16. Rxa1 Ng4 17. h3 Nh6 18. c5 Qg5 19. Ra8 Rd8 20. Qe4 c6 21. Qxe5
Qxe5 22. Bxe5 Re8 23. Bf4 Bd7 24. Ra7 Bc8 25. b5 1-0

[Event "AUTO-OPEN-1822"]
[Site "http://www.queenalice.com/game.php?id=805899"]
[Date "2010.7.20"]
[Round "2"]
[White "simonjscott"]
[Black "leiva2"]
[Result "0-1"]
[WhiteElo "2122"]
[BlackElo "2133"]

1. e4 c5 2. Nc3 Nc6 3. f4 g6 4. Nf3 Bg7 5. Bb5 Nd4 6. O-O a6 7. Bc4 Nh6 8. d3
O-O 9. Nxd4 cxd4 10. Ne2 e6 11. Qe1 d5 12. Bb3 dxe4 13. dxe4 Qb6 14. Kh1 Bd7 15.
h3 a5 16. g4 Qc6 17. Qf2 a4 18. g5 Qxe4+ 19. Qf3 Qxf3+ 20. Rxf3 Bc6 21. Kg2 axb3
22. gxh6 Rxa2 23. hxg7 Rd8 0-1

[Event "AUTO-OPEN-1894"]
[Site "http://www.queenalice.com/game.php?id=828802"]
[Date "2010.9.6"]
[Round "2"]
[White "ishamael13"]
[Black "leiva2"]
[Result "0-1"]
[WhiteElo "1970"]
[BlackElo "2163"]

1. d4 Nf6 2. c4 g6 3. Nc3 d6 4. e3 Bg7 5. Nf3 O-O 6. Be2 Bf5 7. O-O c5 8. b3 e5
9. dxe5 dxe5 10. Nh4 Be6 11. Qc2 Nc6 12. Rd1 Qe7 13. Nf3 Nb4 14. Qb1 e4 15. Ng5
Bg4 16. f3 exf3 17. Nxf3 Bf5 18. e4 Nxe4 19. Nd5 Nxd5 20. cxd5 Nc3 21. Bg5 Nxe2+
22. Kf2 Qe8 23. d6 Bxb1 24. d7 Qe6 25. d8=Q Raxd8 26. Bxd8 Bxa1 0-1

[Event "AUTO-OPEN-1894"]
[Site "http://www.queenalice.com/game.php?id=828803"]
[Date "2010.9.6"]
[Round "2"]
[White "leiva2"]
[Black "ishamael13"]
[Result "1-0"]
[WhiteElo "2156"]
[BlackElo "1979"]

1. d4 d5 2. c4 e6 3. Nc3 Nf6 4. Nf3 c5 5. cxd5 cxd4 6. Qxd4 exd5 7. e4 Nc6 8.
Bb5 Bd7 9. Bxc6 Bxc6 10. exd5 Nxd5 11. O-O Nxc3 12. Qxc3 f6 13. Bf4 Be7 14. Rad1
Bd7 15. Bc7 Qc8 16. Rfe1 Kf7 17. Rxe7+ Kxe7 18. Ng5 fxg5 19. Qxg7+ Ke6 20. Re1+
Kd5 21. Qe5+ 1-0

[Event "AUTO-OPEN-1894"]
[Site "http://www.queenalice.com/game.php?id=828810"]
[Date "2010.9.6"]
[Round "2"]
[White "leiva2"]
[Black "Constante"]
[Result "1-0"]
[WhiteElo "2186"]
[BlackElo "2049"]

1. d4 Nf6 2. c4 e6 3. Nc3 Bb4 4. Qb3 c5 5. e3 O-O 6. Bd3 Bxc3+ 7. Qxc3 cxd4 8.
exd4 d5 9. Nf3 b6 10. Bg5 h6 11. Bxf6 Qxf6 12. Rc1 Bb7 13. c5 bxc5 14. Qxc5 Na6
15. Qa3 Rac8 16. O-O Rxc1 17. Rxc1 Qf4 18. Rc2 Rc8 19. Qe7 g6 20. Rxc8+ Bxc8 21.
Qe8+ Kg7 22. Qxc8 Nb4 23. Bb1 Qd6 24. Ne5 Nc6 25. Qxc6 1-0

[Event "AUTO-OPEN-1894"]
[Site "http://www.queenalice.com/game.php?id=828811"]
[Date "2010.9.6"]
[Round "2"]
[White "Constante"]
[Black "leiva2"]
[Result "0-1"]
[WhiteElo "2261"]
[BlackElo "2194"]

1. e4 c5 2. Nf3 d6 3. d4 cxd4 4. Nxd4 Nf6 5. Nc3 a6 6. Bd3 g6 7. Be3 Ng4 8. h3
Nxe3 9. fxe3 Nc6 10. Qd2 Bh6 11. Qf2 e6 12. O-O O-O 13. a3 Bd7 14. Nde2 Qb6 15.
Nd1 Rac8 16. Nd4 Bg7 17. c3 d5 18. a4 Ne5 19. Qe2 Nxd3 20. Qxd3 dxe4 21. Qxe4 a5
22. Qf3 e5 23. Ne2 Rc4 24. Rb1 Rxa4 25. b3 Ra3 26. Kh2 Rxb3 27. Rxb3 Qxb3 28.
Nf2 Bc6 29. e4 a4 30. Nc1 Qc4 31. Rd1 f5 32. Qe3 fxe4 33. Ng4 h5 34. Nf2 Kh7 35.
h4 Bh6 36. Qe1 Bf4+ 37. Kh1 Bg3 0-1

[Event "AUTO-OPEN-1822"]
[Site "http://www.queenalice.com/game.php?id=848014"]
[Date "2010.10.19"]
[Round "3"]
[White "leiva2"]
[Black "whyBish"]
[Result "1-0"]
[WhiteElo "2178"]
[BlackElo "2034"]

1. d4 d5 2. c4 e6 3. Nc3 c6 4. Nf3 dxc4 5. a4 Bb4 6. e3 b5 7. Bd2 a5 8. axb5
Bxc3 9. Bxc3 cxb5 10. b3 Bb7 11. bxc4 b4 12. Bb2 Nf6 13. Bd3 O-O 14. O-O Nbd7
15. Nd2 Qc7 16. Bc2 e5 17. d5 Ba6 18. Bb3 Nc5 19. Bc2 Rfd8 20. f4 Ncd7 21. fxe5
Nxe5 22. Rxf6 gxf6 23. Qh5 Kf8 24. Ne4 Ke7 25. Qf5 Rd6 26. Bxe5 fxe5 27. Qxe5+
Kd7 28. Ba4+ 1-0

[Event "AUTO-OPEN-1822"]
[Site "http://www.queenalice.com/game.php?id=848015"]
[Date "2010.10.19"]
[Round "3"]
[White "whyBish"]
[Black "leiva2"]
[Result "0-1"]
[WhiteElo "2005"]
[BlackElo "2171"]

1. e4 c5 2. Nf3 d6 3. d4 cxd4 4. Nxd4 Nf6 5. Nc3 Nc6 6. f3 g6 7. Be3 a6 8. Qd2
Bg7 9. Bc4 Bd7 10. O-O-O O-O 11. Nxc6 bxc6 12. Bh6 Bxh6 13. Qxh6 Rb8 14. Bb3 Qb6
15. h4 Be6 16. g4 c5 17. h5 c4 18. hxg6 fxg6 19. g5 Nh5 20. Rxh5 Qe3+ 21. Kb1
Rf7 22. Bxc4 Bxc4 23. Nd5 Bxd5 24. exd5 gxh5 25. Qxh5 Qxf3 0-1

[Event "AUTO-OPEN-1894"]
[Site "http://www.queenalice.com/game.php?id=921062"]
[Date "2011.4.3"]
[Round "3"]
[White "leiva2"]
[Black "Chezzdevil"]
[Result "1-0"]
[WhiteElo "2208"]
[BlackElo "2440"]

1. d4 f5 2. g3 Nf6 3. Bg2 g6 4. Nf3 Bg7 5. c4 O-O 6. Nc3 d6 7. O-O Qe8 8. Be3 c6
9. Qb3 Na6 10. h3 e5 11. Rac1 Nh5 12. c5+ d5 13. dxe5 f4 14. Bd4 fxg3 15. e4 Nc7
16. exd5 cxd5 17. Ng5 Kh8 18. Nxd5 Nxd5 19. fxg3 Nc7 20. Rxf8+ Bxf8 21. Nf7+ Kg7
22. e6+ Kg8 23. e7 Be6 24. exf8=Q+ Qxf8 25. Qxb7 Qxf7 26. Be5 Rc8 27. Rf1 Qe7
28. b4 Qd7 29. c6 Qe7 30. Re1 Nf6 31. a3 Qd8 32. Qxa7 Qd2 33. Qf2 Qxf2+ 34. Kxf2
Nfd5 35. Bxc7 Nxc7 36. a4 Bc4 37. Rb1 Rb8 38. b5 Bxb5 39. axb5 Rxb5 40. Rd1 Rf5+
41. Ke3 Re5+ 42. Kf4 Rf5+ 43. Ke4 Rf7 44. Ke5 1-0

[Event "AUTO-OPEN-1894"]
[Site "http://www.queenalice.com/game.php?id=921063"]
[Date "2011.4.3"]
[Round "3"]
[White "Chezzdevil"]
[Black "leiva2"]
[Result "1/2-1/2"]
[WhiteElo "2432"]
[BlackElo "2227"]

1. d4 Nf6 2. c4 d6 3. Nc3 g6 4. e4 Bg7 5. f3 Nfd7 6. Nge2 c5 7. Be3 Nc6 8. Qd2
Qa5 9. O-O-O O-O 10. Kb1 f5 11. b3 Nf6 12. exf5 Bxf5+ 13. Kb2 Rad8 14. g4 Be6
15. d5 Nb4 16. Kb1 Bc8 17. Bh6 Bxh6 18. Qxh6 b5 19. cxb5 e6 20. h4 Nbxd5 21. Kb2
Qc7 22. h5 Qg7 23. hxg6 hxg6 24. Qd2 Bb7 25. Bg2 Nxc3 26. Nxc3 Nd5 27. Rh2 Qxc3+
28. Qxc3 Nxc3 29. Kxc3 Bxf3 30. Bxf3 Rxf3+ 31. Kb2 Rf7 32. Rc2 Rfd7 33. g5 e5
34. a4 e4 35. Rc4 d5 36. Rxc5 d4 37. Rc6 Kg7 38. Re6 e3 39. Re4 Rd5 40. b4 Rxg5
41. Rdxd4 Rxd4 42. Rxd4 Re5 43. Rd1 Re4 44. Kc3 Kf6 45. a5 Ke5 46. b6 axb6 47.
a6 e2 48. Re1 Kd5 49. Kd3 Rxb4 50. Rxe2 1/2-1/2